000 01235cam a22003011 4500
001 wideningcircle00vand
003 CaSfIA
005 20210119122624.0
007 cr||||
008 720218s1957 nyu 000 0aeng
035 _9(DLC) 57012430
856 4 1 _uhttp://www.archive.org/details/wideningcircle00vand
_zFree eBook from the Internet Archive
856 4 2 _uhttp://www.openlibrary.org/books/OL6226087M
_zAdditional information and access via Open Library
010 _a 57012430
035 _a(OCoLC)245329
040 _aDLC
_cOAU
_dOCoLC
_dOKentU
_dNN
_dDLC
_dCaSfIA
042 _apremarc
050 0 0 _aPR6043.A4
_bZ52 1957a
082 _a928.2
100 1 _aVan Druten, John,
_d1901-1957.
245 1 4 _aThe widening circle.
_h[electronic resource]
260 _aNew York,
_bScribner
_c[1957]
300 _a229 p.
_c22 cm.
600 1 0 _aVan Druten, John,
_d1901-1957.
942 _cEB
506 _fНеобхідна авторизація на https://archive.org/ (створення облікового запису безкоштовно)
506 _fНеобхідна авторизація на https://openlibrary.org/ (створення облікового запису безкоштовно)
999 _c565952
_d565952